Visegrád je nielen symbol, ale aj veľmi vážna výzva

Bibliographic Details
Main Author: Figeľ, Ján, 1960- (Author)
Format: Article
Language:Slovak
Subjects:

MARC

LEADER 00000nab a2200000 a 4500
001 vtls000691386
003 SK-MaSNL
005 20260303195320.0
008 160324c1999 xo 0 slo
015 |a SNBRB1999/03-08485 
035 |a CLN000043553 
040 |a SNKBUCL  |b slo  |c SNKBUCL  |e AACR2 
041 0 |a slo 
044 |a xo  |c SK 
080 |a 327.39(4-191.2)  |2 1997 
100 1 |a Figeľ, Ján,  |d 1960-  |4 aut  |9 105604 
245 1 0 |a Visegrád je nielen symbol, ale aj veľmi vážna výzva  |c Ján Figeľ 
610 2 7 |a Vyšehradská skupina  |2 snkbucl  |9 183397 
655 7 |a články z novín a časopisov  |2 snkbucl  |9 267496 
773 0 |t Sme  |g Roč. 7, č. 40 (18.2.1999), s. 4 
850 |a Slovenská národná knižnica v Martine 
852 |a SNK  |b KIS3GCP 
958 |a SK 
958 |a CZ 
958 |a PL 
958 |a HU 
958 |a RBX 
999 |c 2161908  |d 2163838